| 000 | 00000nam 2200000zi 4500 |
| 001 | 9.893439 |
| 003 | CaOODSP |
| 005 | 20250821144846 |
| 006 | m o d f |
| 007 | cr mn||||||||| |
| 008 | 201110e202508##quc ob f000 0 eng d |
| 040 | |aCaOODSP|beng|erda|cCaOODSP |
| 041 | 0 |aeng|beng|bfre |
| 043 | |an-cn--- |
| 086 | 1 |aP29-192-003-2020E-PDF |
| 245 | 00|aTransportation of dangerous goods training, assessment and competency. |
| 250 | |aWithdrawn. |
| 264 | 1|aGatineau, (Quebec) Canada : |bCanadian General Standards Board : |bStandards Council of Canada, |cAugust 2025. |
| 264 | 4|c©2020 |
| 300 | |a1 online resource (1 volume (various pagings)) |
| 336 | |atext|btxt|2rdacontent |
| 337 | |acomputer|bc|2rdamedia |
| 338 | |aonline resource|bcr|2rdacarrier |
| 490 | 1 |aNational standard of Canada ; |vCAN/CGSB-192.3-2020 |
| 500 | |a"Withdrawal, August 2025." |
| 500 | |a"Published November 2020." |
| 500 | |a"Experience and excellence"--Cover. |
| 500 | |aIssued also in French under title: Transport des marchandises dangereuses – formation, évaluation et compétence. |
| 504 | |aIncludes bibliographical references (page 56). |
| 520 | |a"This National Standard of Canada sets out the requirements for training, assessment and competency of persons who handle, offer for transport or transport dangerous goods by road, rail, marine and air in Canada"--Scope, page 1. |
| 546 | |aText in English, withdrawal in English and French. |
| 650 | 0|aHazardous substances|xTransportation|xStandards|zCanada. |
| 650 | 0|aEmployees|xTraining of|xStandards|zCanada. |
| 710 | 2 |aStandards Council of Canada, |eissuing body. |
| 710 | 2 |aCanadian General Standards Board, |eissuing body. |
| 775 | 08|tTransport des marchandises dangereuses – formation, évaluation et compétence.|w(CaOODSP)9.893442 |
| 830 | #0|aNational standard of Canada ;|vno. 192.3-2020.|w(CaOODSP)9.507848 |
| 856 | 40|qPDF|s1.44 MB|uhttps://publications.gc.ca/collections/collection_2020/ongc-cgsb/P29-192-003-2020-eng.pdf|zWithdrawal, August 2025 |
| 986 | |aICS 03.100.30 |